000 01341nam0a2200313 4500
001 RU\NLR\bibl\970181
005 20250614211121.0
010 _a5-94356-345-8
_9200
021 _aRU
_b2006-37421
_91879
035 _a(NLR Aleph) 000958147
090 _a322328
_c322328
100 _a20060726d2006 |||y0rusy50 ca
101 0 _arus
_deng
102 _aRU
105 _aa |||||||||
200 1 _aУправление воздействием отраслей экономики на окружающую среду
_eучебное пособие
_fО.П. Бурматова
_gФедер. агентство по образованию, Новосиб. гос. ун-т, Экон. фак.
210 _aНовосибирск
_cНГУ
_d2006
215 _a173 с.
_cил.
_d29
300 _aРез. на англ. яз.
320 _aБиблиогр.: с. 145-170
606 1 _aПромышленность
_jУчебные издания для высших учебных заведений
_xВлияние на окружающую среду
_92189981
_3RU\NLR\auth\661316501
686 _aУ28(2)530я73
700 1 _aБурматова
_bО. П
_gОльга Петровна
_4070
801 0 _aRU
_bNLR
_c20060726
_grcr
801 1 _aRU
_bNLR
_c20060726
830 _aАвт. по кн.
942 _cBOOK
980 _aNB